[Event "Dortmund op-A"]
[Site "Dortmund"]
[Date "1992.??.??"]
[Round "6"]
[White "Mainka, Romuald"]
[Black "Skembris, Spyridon"]
[Result "1/2-1/2"]
[WhiteElo "2455"]
[BlackElo "2530"]

1.e4 c5 2.Nf3 d6 3.d4 cxd4 4.Nxd4 Nf6 5.Nc3 a6 6.Be3 e5 7.Nf3 Be7 8.Bc4 O-O
9.O-O Be6 10.Bb3 Nc6 11.Qe2 Na5 12.Rfd1 Nxb3 13.cxb3 Qb8 14.Bg5 b5 15.Ne1 h6
16.Bxf6 Bxf6 17.Nc2 Bd8 18.Nb4 Bb6 19.Ncd5 Bc5 20.Nc6 Qb7 21.b4 Bxd5 22.exd5 Bb6
23.a4 Rfe8 24.Kf1 bxa4 25.Rxa4 Qc8 26.Rda1 Qf5 27.g3 e4 28.Rxa6 Rxa6 29.Rxa6 Bxf2
30.Qxf2 Qxd5 31.Qe2 e3 32.Kg1 Qd2 33.Kf1 Qd5 34.Kg1 Qd2  1/2-1/2

[Event "Dortmund op-A"]
[Site "Dortmund"]
[Date "1992.??.??"]
[Round "11"]
[White "Szalanczy, Emil"]
[Black "Danner, Georg"]
[Result "1-0"]
[WhiteElo "2420"]
[BlackElo "2355"]

1.e4 c5 2.Nf3 d6 3.d4 cxd4 4.Nxd4 Nf6 5.Nc3 a6 6.Be3 e5 7.Nb3 Be7 8.f3 O-O
9.Qd2 Be6 10.O-O-O Nbd7 11.Kb1 Rc8 12.g4 Nb6 13.h4 d5 14.g5 d4 15.gxf6 Bxf6
16.Nxd4 exd4 17.Bxd4 Bxd4 18.Qxd4 Qxd4 19.Rxd4 Rfd8 20.Rxd8+ Rxd8 21.Bd3 g6
22.Kc1 Kg7 23.b3 Nd7 24.Kd2 Rc8 25.f4 Nf6 26.Rg1 Nh5 27.Ne2 Kf6 28.Ke3 Ke7
29.Nd4 Bd7 30.Nf3 f6 31.Nd4 b5 32.c4 bxc4 33.bxc4 Ng7 34.Rb1 Rc5 35.Rb7 Ne8
36.Nb3 Rh5 37.c5 Kd8 38.Bxa6 Rxh4 39.Bc4 g5 40.Na5 gxf4+ 41.Kd4 Nc7 42.c6 Bh3
43.Rb3 f3 44.Ke3 Bg4 45.Rb8+ Ke7 46.Nb7 Be6 47.Bxe6 Nxe6 48.Rh8 f2 49.Kxf2 Rxe4
50.Rxh7+ Kf8 51.Nc5 Nxc5 52.c7 Nd3+ 53.Kf3 Rc4 54.c8=Q+ Rxc8 55.Rh8+ Ke7
56.Rxc8 Nb4 57.a4 Kd7 58.Rc4 Nc6 59.Ke4 Kd6 60.Rc1 Na5  1-0

[Event "Wch U12"]
[Site "Duisburg"]
[Date "1992.??.??"]
[Round "2"]
[White "Asanov, Bolat"]
[Black "Leroy, Adrien"]
[Result "0-1"]
[WhiteElo "2405"]
[BlackElo "2215"]

1.e4 c5 2.Nf3 d6 3.d4 cxd4 4.Nxd4 Nf6 5.Nc3 a6 6.Be3 e6 7.f3 Be7 8.Qd2 Qc7
9.O-O-O Nbd7 10.Kb1 Ne5 11.g4 Nc4 12.Bxc4 Qxc4 13.g5 Nd7 14.f4 Qc7 15.f5 Ne5
16.Qg2 Bd7 17.Rhf1 O-O-O 18.h4 Rhe8 19.f6 Bf8 20.h5 Kb8 21.g6 hxg6 22.hxg6 gxf6
23.gxf7 Nxf7 24.Rxf6 Ne5 25.Rh1 Be7 26.Rxe6 Qc4 27.Reh6 Ng4 28.Qd2 Nxh6 29.Rxh6 Rh8
30.b3 Qf1+ 31.Kb2 Rxh6 32.Bxh6 Bf6 33.Bg5 Rc8 34.Bxf6 Qxf6 35.Nd5 Qg7 36.Kb1 Re8
37.Qc3 Qg1+ 38.Kb2 Rc8 39.Qb4 Qh2 40.Nb6 Rc7 41.Nd5 Rc8 42.Nb6 Rd8 43.Nc4 Be8
44.Nf5 Qh8+ 45.Kb1 Qh1+ 46.Kb2 Qxe4 47.Nfxd6 Qd4+ 48.c3 Qf2+ 49.Ka3 Bc6 50.Qa5 Qf8
51.Qe5 Bb5 52.b4 Bxc4 53.Nxc4+ Ka7 54.Qe3+ Ka8 55.Nb6+ Kb8 56.Qe5+ Qd6 57.Qxd6+ Rxd6
58.Nc4 Re6 59.Kb3 Kc7 60.Nb2 Re3 61.Nc4 Rh3 62.Nd2 Kc6 63.Nc4 b6 64.Nd2 Kd5
65.Nc4 Rh6 66.Nd2 Rh4 67.Nb1 Rh2 68.Na3 b5 69.Nc2 Rh1 70.Na3 Ke4 71.Kb2 Kd3
72.Nb1 Rg1 73.Na3 Rh1 74.Nb1 Rf1 75.Na3 Rg1 76.Nb1 Rh1 77.Na3 Rh2+ 78.Kb3 Kd2
79.Kb2 Kd1+ 80.Kb1 Rf2 81.c4 Rf4 82.Kb2 bxc4 83.b5 axb5 84.Nxb5 Kd2 85.Ka3 Kd3
86.Kb2 Rf2+  0-1

[Event "Espoo op"]
[Site "Espoo"]
[Date "1992.??.??"]
[Round "?"]
[White "Klovans, Janis"]
[Black "Rytshagov, Mikhail"]
[Result "0-1"]
[WhiteElo "2410"]
[BlackElo "2420"]

1.e4 c5 2.Nf3 d6 3.d4 Nf6 4.Nc3 cxd4 5.Nxd4 a6 6.Be3 e6 7.Be2 Be7 8.f4 O-O
9.O-O Qc7 10.a4 b6 11.Bf3 Bb7 12.Qe2 Nbd7 13.Rae1 Rad8 14.f5 e5 15.Nb3 Rfe8
16.Qf2 Rc8 17.Rd1 Bf8 18.Rfe1 Ba8 19.Qf1 Bb7 20.Bf2 Qb8 21.g4 d5 22.g5 dxe4
23.gxf6 exf3 24.Rxd7 Bc6 25.fxg7 Bxg7 26.Rdd1 Qb7 27.Qh3 Kh8 28.Be3 Bf6 29.Kf2 Qe7
30.Rg1 Bh4+ 31.Kf1 Rg8 32.Bxb6 Qb4 33.Rxg8+ Rxg8 34.Rd4 exd4 35.Qxh4 Qxb6
36.Qf6+ Rg7 37.Qxd4 Qc7 38.Ne4 Bxe4 39.Qxe4 Qxh2 40.Qe8+ Rg8 41.Qe3  0-1

[Event "FIN-chT"]
[Site "FIN"]
[Date "1992.??.??"]
[Round "?"]
[White "Pulkkinen, Kari"]
[Black "Valkesalmi, Kimmo"]
[Result "1-0"]
[WhiteElo "2240"]
[BlackElo "2385"]

1.e4 c5 2.Nf3 d6 3.d4 cxd4 4.Nxd4 Nf6 5.Nc3 a6 6.Be3 Qc7 7.Be2 e5 8.Nf3 Be7
9.O-O O-O 10.Nd5 Nxd5 11.exd5 Bg4 12.Rc1 Bxf3 13.Bxf3 Nd7 14.Be2 Qd8 15.Qd2 f5
16.f3 f4 17.Bf2 Bh4 18.c4 Bxf2+ 19.Rxf2 a5 20.b3 Qb6 21.Bd3 Nc5 22.Qc2 h6
23.Rb1 Qb4 24.Bf5 Kh8 25.Bg4 a4 26.Qd2 Na6 27.Qxb4 Nxb4 28.a3 Nd3 29.Rd2 Nc5
30.b4 Nb3 31.Rd3 Rf7 32.c5 dxc5 33.bxc5 Rc7 34.c6 bxc6 35.d6 Rb7 36.d7 Rd8
37.Re1 h5  1-0

[Event "Peer Gynt"]
[Site "Gausdal"]
[Date "1992.??.??"]
[Round "2"]
[White "Gipslis, Aivars"]
[Black "Gudmundsson, Kristjan"]
[Result "1-0"]
[WhiteElo "2465"]
[BlackElo "2235"]

1.e4 c5 2.Nf3 d6 3.d4 cxd4 4.Nxd4 Nf6 5.Nc3 a6 6.Be3 e5 7.Nde2 Be7 8.g3 O-O
9.Bg2 Be6 10.O-O Nbd7 11.a4 Qc7 12.h3 Qc6 13.Nd5 Bxd5 14.exd5 Qc8 15.a5 b6
16.Nc1 Bd8 17.Nb3 Nc5 18.Nd2 Ncd7 19.Qe2 bxa5 20.Nc4 Qb8 21.b3 Qb5 22.Qd2 Qb4
23.Qxb4 axb4 24.Nxd6 Bb6 25.Nc4 Bxe3 26.fxe3 e4 27.Rfd1 Rfb8 28.d6 Rb5 29.Rd4 Nc5
30.Ra5 Rab8 31.Bf1 Nfd7 32.Kf2 Ne6 33.Rxe4 Nf6 34.Re5 Rxe5 35.Rxe5  1-0

[Event "Arnold Cup"]
[Site "Gausdal"]
[Date "1992.??.??"]
[Round "2"]
[White "Ernst, Thomas"]
[Black "Silseth, Simon"]
[Result "1/2-1/2"]
[WhiteElo "2570"]
[BlackElo "2320"]

1.e4 c5 2.Nf3 d6 3.d4 cxd4 4.Nxd4 Nf6 5.Nc3 a6 6.Be3 e6 7.Qd2 Qc7 8.f3 Be7
9.g4 h6 10.O-O-O Nbd7 11.h4 Nb6 12.Qg2 g6 13.g5 hxg5 14.hxg5 Nh5 15.f4 e5
16.fxe5 dxe5 17.Nb3 Be6 18.Qf2 Nc4 19.Bxc4 Qxc4 20.Nd5 Bxd5 21.exd5 Rd8 22.Rh4 Qb5
23.c4 Rc8 24.c5 O-O 25.d6 Bd8 26.Qf3 b6 27.Qg4 Rc6 28.Rdh1 Qd3 29.Bd2 Kg7
30.Rxh5 gxh5 31.Qxh5 Qg6 32.Qf3 Qxd6 33.Rh6 Rxc5+ 34.Kd1 Qd5 35.Qh5 Qd3 36.Nxc5 bxc5
37.g6 fxg6 38.Rh7+ Kf6 39.Qg5+ Ke6 40.Qg4+ Qf5 41.Qc4+ Kd6 42.Qxa6+ Kd5 43.Qa8+ Kd6
44.Qa6+ Kd5 45.Qa8+ Kd6 46.Qa6+  1/2-1/2

[Event "Arnold Cup"]
[Site "Gausdal"]
[Date "1992.??.??"]
[Round "4"]
[White "Stefansson, Hannes"]
[Black "Adianto, Utut"]
[Result "0-1"]
[WhiteElo "2445"]
[BlackElo "2475"]

1.e4 c5 2.Nf3 d6 3.d4 cxd4 4.Nxd4 Nf6 5.Nc3 a6 6.Be3 e5 7.Nb3 Be6 8.Qd2 Be7
9.f4 exf4 10.Bxf4 Nc6 11.O-O-O Ne5 12.Kb1 O-O 13.h3 b5 14.g4 b4 15.Nd5 Nxe4
16.Nxe7+ Qxe7 17.Qd4 Qb7 18.Rg1 Nf3 19.Na5 Qe7 20.Qxb4 Nxg1 21.Bg2 Nxh3 22.Bxe4 Rab8
23.Qxd6 Bxa2+ 24.Kxa2 Qxe4 25.Qxb8 Rxb8 26.Bxb8 Qa4+  0-1

[Event "Troll Masters"]
[Site "Gausdal"]
[Date "1992.??.??"]
[Round "8"]
[White "Thorhallsson, Throstur"]
[Black "Silseth, Simon"]
[Result "1-0"]
[WhiteElo "2425"]
[BlackElo "2345"]

1.e4 c5 2.Nf3 d6 3.d4 cxd4 4.Nxd4 Nf6 5.Nc3 a6 6.Be3 e6 7.f3 Nbd7 8.g4 h6
9.h4 Qc7 10.Bh3 Nb6 11.Qe2 Bd7 12.O-O-O Nc4 13.Bf2 b5 14.g5 hxg5 15.hxg5 Nh5
16.g6 O-O-O 17.Qe1 Be7 18.gxf7 Bg5+ 19.Kb1 Nf4 20.Bg4 Ne5 21.Rxh8 Rxh8 22.Nce2 Nxg4
23.Nxf4 Bxf4 24.fxg4 Rf8 25.Rd3 Kb7 26.Rc3 Qd8 27.Ne2 Bg5 28.e5 Bc6 29.exd6 Qxd6
30.Bc5  1-0

[Event "Gausdal Int"]
[Site "Gausdal"]
[Date "1992.??.??"]
[Round "9"]
[White "Hellers, Ferdinand"]
[Black "Pliester, Leon"]
[Result "1/2-1/2"]
[WhiteElo "2500"]
[BlackElo "2345"]

1.e4 c5 2.Nf3 d6 3.d4 cxd4 4.Nxd4 Nf6 5.Nc3 a6 6.Be3 e5 7.Nb3 Be7 8.f3 O-O
9.Qd2 Be6 10.O-O-O b5 11.g4 b4 12.Nd5 Bxd5 13.exd5 a5 14.Kb1 a4 15.Nc1 Qa5
16.g5 Nh5 17.Bh3 f5 18.gxf6 Bxf6 19.Ne2 Na6 20.Be6+ Kh8 21.Ng3 Nf4 22.Ne4 Nc7
23.h4 Nb5 24.Bd7 Be7 25.h5 a3 26.Bxb5 Qxb5 27.b3 h6 28.Rhg1 Rf5 29.Bxf4 Rxf4
30.Rg6 Raf8 31.Rdg1 R8f7 32.c4  1/2-1/2

[Event "Geneve op"]
[Site "Geneve"]
[Date "1992.??.??"]
[Round "4"]
[White "Pernutz, Hans Gerhard"]
[Black "Jukic, Mirko"]
[Result "0-1"]
[WhiteElo "2255"]
[BlackElo "2455"]

1.e4 c5 2.Nf3 d6 3.d4 cxd4 4.Nxd4 Nf6 5.Nc3 a6 6.Be3 e6 7.Be2 Be7 8.O-O O-O
9.a4 Nc6 10.Kh1 Qc7 11.f4 Rd8 12.Qe1 Nxd4 13.Bxd4 e5 14.Be3 exf4 15.Rxf4 Be6
16.a5 Nd7 17.Qg3 Re8 18.Bd4 Ne5 19.Rf2 Bf8 20.Nd5 Bxd5 21.exd5 Rac8 22.b3 g6
23.c4 Bg7 24.Qc3 f5 25.Rc1 Qe7 26.g3 h5 27.h4 Nd7 28.Bxg7 Qxg7 29.Qxg7+ Kxg7
30.b4 Re3 31.Bf1 Rxg3 32.Re2 Ne5 33.c5 Rg4 34.Rce1 Rxh4+ 35.Kg2 Rg4+ 36.Kh1 Nf3
37.Re7+ Kh6 38.Bh3 Nxe1 39.Bxg4 hxg4 40.Rxe1 dxc5 41.bxc5 Rxc5 42.Rd1 Rc7  0-1

[Event "Geneve op"]
[Site "Geneve"]
[Date "1992.??.??"]
[Round "4"]
[White "Martinovic, Slobodan"]
[Black "Bouaziz, Slim"]
[Result "1-0"]
[WhiteElo "2460"]
[BlackElo "2385"]

1.e4 c5 2.Nf3 d6 3.d4 cxd4 4.Nxd4 Nf6 5.Nc3 a6 6.Be3 e5 7.Nb3 Be6 8.Be2 Be7
9.O-O O-O 10.a4 Nc6 11.Qd2 d5 12.exd5 Nxd5 13.Nxd5 Bxd5 14.Rfd1 Bxb3 15.cxb3 Qxd2
16.Rxd2 Rfd8 17.Rad1 Rxd2 18.Rxd2 Rd8 19.Rxd8+ Bxd8 20.Bf3 Be7 21.Bd5 Kf8
22.Kf1 f5 23.f3 Ke8 24.Bg8 h6 25.Be6 f4 26.Bf2 Nb4 27.Ke2 b5 28.Kd2 Bd6 29.Bb6 Ke7
30.Bc8 Nd5 31.Bf2 Bb4+ 32.Kd3 Bd6 33.Ke4 Nf6+ 34.Kd3 Nd5 35.Bb7 Nb4+ 36.Ke4 g6
37.Be1 bxa4 38.bxa4 a5 39.Bh4+ Kf8 40.Bf6 Bc7 41.Bd5 Na6 42.Bc4  1-0

[Event "Oberliga Nord N9192"]
[Site "Germany"]
[Date "1992.??.??"]
[Round "?"]
[White "Hein, Andreas"]
[Black "Jacoby, Florian"]
[Result "1-0"]
[WhiteElo "2210"]
[BlackElo "2220"]

1.e4 c5 2.Nf3 d6 3.d4 cxd4 4.Nxd4 Nf6 5.Nc3 a6 6.Be3 e5 7.Nf3 Be7 8.Bc4 O-O
9.Qe2 Nc6 10.O-O-O Qc7 11.Bb3 Be6 12.h3 Na5 13.Bxe6 fxe6 14.Ng5 Qc8 15.Na4 Nc4
16.Rd3 b5 17.Nb6 Nxb6 18.Bxb6 h6 19.h4 Qc6 20.Be3 Nxe4 21.Nxe6 Rf6 22.Qg4 Kf7
23.f3 Rc8 24.c3 Rxe6 25.fxe4 Qc4 26.Rhd1 Qxa2 27.Qf5+ Bf6 28.g4 g6 29.Qf3 g5
30.hxg5 hxg5 31.Bxg5 Rh8 32.Rxd6 Qa1+ 33.Kc2 Qa4+ 34.Kb1 Rh2 35.R6d2 Rd6
36.Be3 Rdxd2 37.Rxd2 Rxd2 38.Bxd2 Kg6 39.g5 Bg7 40.Qf5+ Kh5 41.g6+ Kh4 42.Be1+  1-0

[Event "Oberliga Nord W9192"]
[Site "Germany"]
[Date "1992.??.??"]
[Round "?"]
[White "Sawatzki, Frank"]
[Black "Hertel, Peter"]
[Result "1-0"]
[WhiteElo "2215"]
[BlackElo "2215"]

1.e4 c5 2.Nf3 d6 3.d4 cxd4 4.Nxd4 Nf6 5.Nc3 a6 6.Be3 e5 7.Nb3 Be7 8.Be2 O-O
9.O-O Be6 10.Qd2 Nbd7 11.Rfd1 Rc8 12.f3 Qc7 13.a4 Nc5 14.Nc1 Rfd8 15.Nd5 Bxd5
16.exd5 Ncd7 17.c4 a5 18.Ra3 Nc5 19.Na2 Nfd7 20.Nc3 Rf8 21.Bf1 f5 22.g3 Qd8
23.f4 exf4 24.gxf4 Nf6 25.Kh1 Nfe4 26.Nxe4 Nxe4 27.Qg2 Nc5 28.Qc2 Bf6 29.Bxc5 dxc5
30.Qxf5 Bd4 31.Qe6+ Kh8 32.Rh3 Qf6 33.Bd3 Qxe6 34.dxe6 h6 35.Bg6 Rc7 36.f5 Re7
37.Rb3 Rf6 38.Rb5 Rxg6 39.fxg6 Rxe6 40.Rxc5  1-0

[Event "Oberliga Nord N9192"]
[Site "Germany"]
[Date "1992.??.??"]
[Round "?"]
[White "Mach, Holger"]
[Black "Joecks, Christian"]
[Result "0-1"]
[WhiteElo "2240"]
[BlackElo "2355"]

1.e4 c5 2.Nf3 d6 3.d4 cxd4 4.Nxd4 Nf6 5.Nc3 a6 6.Be3 e6 7.Qd2 Be7 8.f3 Nc6
9.O-O-O O-O 10.g4 Nxd4 11.Bxd4 b5 12.Bd3 b4 13.Ne2 a5 14.Kb1 Bb7 15.g5 Nd7
16.h4 Ne5 17.f4 Nf3 18.Qe3 Nxd4 19.Qxd4 Qc7 20.Rhf1 d5 21.exd5 Bxd5 22.f5 Rfd8
23.Qg4 exf5 24.Qxf5 g6 25.Qf2 Bf8 26.Nf4 Rac8 27.Rde1 a4 28.Re2 a3 29.Nxd5 Rxd5
30.Qf4 Bd6 31.Qf3 Re5 32.Rd2 Re7 33.Ba6 Rce8 34.Bb5 Rb8 35.Ba4 Be5 36.Bb3 Bxb2
37.Rdf2 Kg7 38.Qd5 Rf8 39.h5 Rd7 40.Qe4 Rfd8 41.Qe2 Rf8 42.hxg6 hxg6 43.Rf4 Qd6
44.Qf3 Be5 45.Rh4 Qd2 46.Be6 Rc7 47.Bc4 Qc3 48.Qxc3 Bxc3 49.Bd3 Re8 50.Rhh1 Rce7
51.Kc1 Re3 52.Bc4 Re1+ 53.Rxe1 Rxe1+ 54.Rxe1 Bxe1 55.Kd1 Bh4 56.Ke2 Bxg5
57.Kf3 f5 58.Bd5 Kf6 59.Bg8 Bd2 60.Ke2 Bc3 61.Kf3 g5 62.Bd5 Ke5 63.Bb7 g4+
64.Kf2 Kf4 65.Bc8 Bd4+ 66.Kg2 Kg5  0-1

[Event "NRW-Liga II 9192"]
[Site "Germany"]
[Date "1992.??.??"]
[Round "?"]
[White "Brendel, Oliver"]
[Black "Schoenthier, Frank"]
[Result "1/2-1/2"]
[WhiteElo "2345"]
[BlackElo "2340"]

1.e4 c5 2.Nf3 d6 3.d4 cxd4 4.Nxd4 Nf6 5.Nc3 a6 6.Be3 e5 7.Nf3 Qc7 8.a4 Be6
9.Be2 Nbd7 10.Ng5 Bc4 11.Bxc4 Qxc4 12.Qd3 Rc8 13.O-O Be7 14.Nf3 O-O 15.Nd2 Qxd3
16.cxd3 d5 17.exd5 Bb4 18.Nde4 Bxc3 19.Nxc3 Rfe8 20.Ra3 h6 21.Rb3 Nc5 22.Bxc5 Rxc5
23.Rxb7 Nxd5 24.Ne4 Rc2 25.b4 Rb2 26.b5 axb5 27.Rxb5 Rxb5 28.axb5 Rb8 29.Rb1 Rb6
30.Rb3 f5 31.Nd2 Nc7 32.Nc4 Rxb5 33.Rxb5 Nxb5 34.Nxe5 g5 35.Kf1 Kg7 36.Nc6 Kf6
37.Ke2 Ke6 38.Ke3 Kd6 39.Nd4 f4+ 40.Ke4 Nc3+ 41.Kf5 Kd5 42.Nb3 Nd1 43.f3 Ne3+
44.Kg6 Nxg2 45.Kxh6 g4 46.fxg4 f3 47.Nd2 Ne3 48.Kg5 f2 49.h4 Kd4 50.Nf3+ Kxd3
51.Nh2 Ke2 52.h5 Nf1 53.Nxf1 Kxf1 54.h6 Kg2 55.h7 f1=Q 56.h8=Q Qc1+ 57.Kg6 Qb1+
58.Kg7 Qa1+ 59.Kh7 Qb1+ 60.Kg8 Qb8+ 61.Kg7 Qe5+  1/2-1/2

[Event "NRW-Liga I 9192"]
[Site "Germany"]
[Date "1992.??.??"]
[Round "?"]
[White "Wessendorf, Thomas"]
[Black "Kupreichik, Viktor D"]
[Result "0-1"]
[WhiteElo "2285"]
[BlackElo "2545"]

1.e4 c5 2.Nf3 d6 3.d4 cxd4 4.Nxd4 Nf6 5.Nc3 a6 6.Be3 e6 7.Qd2 b5 8.f3 Bb7
9.a4 b4 10.Na2 d5 11.e5 Nfd7 12.f4 Nc5 13.Bd3 Nxa4 14.b3 Nc5 15.Nxb4 Ne4
16.Bxe4 dxe4 17.O-O Be7 18.c4 O-O 19.f5 a5 20.Nbc2 Nd7 21.fxe6 Nxe5 22.exf7+ Rxf7
23.Rxf7 Kxf7 24.Qf2+ Kg8 25.Qf5 Bf6 26.Rf1 Ra6 27.Ne6 Qe7 28.Nc5 Rb6 29.Nxb7 Rxb7
30.Nd4 Rd7 31.Kh1 a4 32.Qxe4 Nxc4 33.Qxe7 Rxe7 34.Bg1 Ne3 35.Bxe3 Rxe3 36.Nf5 Rxb3
37.g4 a3  0-1

[Event "NRW-Liga I 9192"]
[Site "Germany"]
[Date "1992.??.??"]
[Round "?"]
[White "Lanka, Zigurds"]
[Black "Moiseev, Viktor"]
[Result "1/2-1/2"]
[WhiteElo "2490"]
[BlackElo "2480"]

1.e4 c5 2.Nf3 d6 3.d4 cxd4 4.Nxd4 Nf6 5.Nc3 a6 6.Be3 e5 7.Nb3 Be7 8.Qd2 Be6
9.f3 Nbd7 10.g4 b5 11.g5 Nh5 12.O-O-O Rc8 13.Nd5 Bxd5 14.exd5 Nb6 15.Na5 Nxd5
16.Qxd5 Qxa5 17.Bh3 Rc4 18.Bg4 O-O 19.Bxh5 Qxa2 20.Bg4 Qa1+ 21.Kd2 Qxb2 22.Ke2 Rxc2+
23.Rd2 Rxd2+ 24.Qxd2 Qb3 25.Rd1 g6 26.Qd5 Qxd5 27.Rxd5 h6 28.h4 hxg5 29.hxg5 Kg7
30.Rd1 Rh8 31.Ra1 Ra8 32.Bd7 b4 33.Bc6 Rh8 34.Rxa6 Rh5 35.Bd5 Bxg5 36.Ra7 Bxe3
37.Rxf7+ Kh6 38.Kxe3 Rf5 39.Rb7 Rf4 40.Be4 Kg5 41.Rb6 Rf6 42.Rxb4 Kh6 43.Rb7 Rf4
44.Rd7 Rf6 45.Kf2 Kg5 46.Kg3 Kh6 47.Re7 Kh5 48.Bc6 Kh6 49.Bd7 Kg5 50.Bc6 Kh6
51.Rd7 Kg5 52.Rd8 Kh6 53.Bb7 Rf7 54.Ba6 Rf6 55.Bc8 Kg7 56.Bg4 Kh6 57.Kh4 g5+
58.Kg3 Kg7 59.Rd7+ Kg8 60.Rd8+ Kg7 61.Bc8 Rf4 62.Rd7+ Kf8 63.Bb7 Rd4 64.Bc6 Kg8
65.Ra7 Kf8 66.Ra4 Rxa4 67.Bxa4 d5  1/2-1/2

[Event "NRW-Liga I 9192"]
[Site "Germany"]
[Date "1992.??.??"]
[Round "?"]
[White "Gallinnis, Norbert"]
[Black "Wacker, Peter"]
[Result "1-0"]
[WhiteElo "2265"]
[BlackElo "2320"]

1.e4 c5 2.Nf3 d6 3.d4 cxd4 4.Nxd4 Nf6 5.Nc3 a6 6.Be3 e6 7.f3 Qc7 8.g4 h6
9.Qd2 Nc6 10.h4 Bd7 11.O-O-O Na5 12.Rg1 Nc4 13.Bxc4 Qxc4 14.g5 Ng8 15.f4 hxg5
16.hxg5 Ne7 17.Nf3 Qc7 18.f5 Bc6 19.g6 fxg6 20.fxe6 b5 21.Ng5 Rh5 22.Qf2 Ng8
23.Qf7+  1-0

[Event "BL2-S9192"]
[Site "Germany"]
[Date "1992.??.??"]
[Round "?"]
[White "Weis, Ruediger"]
[Black "Schuh, Hubert"]
[Result "1/2-1/2"]
[WhiteElo "2315"]
[BlackElo "2350"]

1.e4 c5 2.Nf3 d6 3.d4 cxd4 4.Nxd4 Nf6 5.Nc3 a6 6.Be3 e5 7.Nb3 Be6 8.Qd2 Nbd7
9.f3 Be7 10.g4 Rc8 11.O-O-O Nb6 12.h4 Nc4 13.Bxc4 Rxc4 14.Kb1 Qc7 15.Rdg1 b5
16.h5 b4 17.Nd5 Nxd5 18.exd5 Bd7 19.Qd3 Bb5 20.Qd1 Ba4  1/2-1/2

[Event "BL2-S9192"]
[Site "Germany"]
[Date "1992.??.??"]
[Round "?"]
[White "Dolgener, Tobias"]
[Black "Weis, Ruediger"]
[Result "1-0"]
[WhiteElo "2205"]
[BlackElo "2315"]

1.e4 c5 2.Nf3 d6 3.d4 cxd4 4.Nxd4 Nf6 5.Nc3 a6 6.Be3 Qc7 7.f3 e5 8.Nb3 Be6
9.g4 b5 10.Qd2 Nbd7 11.g5 Nh5 12.Nd5 Bxd5 13.exd5 Nb6 14.O-O-O Rc8 15.Kb1 Be7
16.Na5 Nxd5 17.Qxd5 Qxa5 18.Bh3 Rc4 19.Bg4 Nf4 20.Bxf4 exf4 21.Rhe1 Qd8 22.Qb7 Rc7
23.Qxa6 O-O 24.h4 Qb8 25.Rd5 Ra7 26.Qc6 Qa8 27.Qxa8 Rfxa8 28.c3 Rb8 29.Re4 Rc7
30.Rxf4 Rc5 31.Rfd4 g6 32.f4 Bf8 33.Kc2 Rb6 34.Be2 b4 35.Rxc5 dxc5 36.Rd7 bxc3
37.bxc3 Rd6 38.Rc7 Re6 39.Bc4 Re7 40.Rc8 Re4 41.Kb3 Kg7 42.a4 Bd6 43.Rd8 Bxf4
44.Rd7 Kf8 45.Rxf7+ Ke8 46.Rxh7 Be5 47.a5 Re3 48.Bb5+ Kf8 49.a6 Rxc3+ 50.Ka4 Rc1
51.Rd7 Bd4 52.Bd3 Ke8 53.Rb7 c4 54.Bxg6+ Kd8 55.Kb5 Ra1 56.h5 c3 57.h6 Rg1
58.Kc4 Rg4 59.Kd3 c2 60.Kxc2 Rxg5 61.a7 Bxa7 62.Rxa7 Rxg6 63.h7 Rh6  1-0

[Event "Groningen op"]
[Site "Groningen"]
[Date "1992.??.??"]
[Round "3"]
[White "Ciemniak, Robert"]
[Black "Dvoirys, Semen I"]
[Result "1-0"]
[WhiteElo "2415"]
[BlackElo "2570"]

1.e4 c5 2.Nf3 d6 3.d4 cxd4 4.Nxd4 Nf6 5.Nc3 a6 6.Be3 e5 7.Nf3 Qc7 8.a4 Be7
9.a5 O-O 10.Be2 Nbd7 11.O-O b5 12.axb6 Nxb6 13.Nd2 Bb7 14.Bd3 d5 15.Bxb6 Qxb6
16.Nxd5 Nxd5 17.exd5 Bxd5 18.Qh5 f5 19.Nc4 Qf6 20.Ne3 Be6 21.Ng4 Qg5 22.Qxg5 Bxg5
23.Nxe5 Rfc8 24.Bxa6 Re8 25.Bb5 Rxa1 26.Rxa1 Rc8 27.Ra6 Bd5 28.Rd6 Be4 29.c4 Bf4
30.Re6 Rd8 31.f3 Bc2 32.Nd7 Bc1 33.c5 f4 34.c6 Be3+ 35.Kf1 Kf7 36.Re5 Ra8
37.Ke2 Bb3 38.Nc5 Ba2 39.b3 Rc8 40.Bc4+ Kg6 41.Re6+ Kh5 42.g3 Bg1 43.Ne4 g6
44.Nd6  1-0

[Event "Groningen op"]
[Site "Groningen"]
[Date "1992.??.??"]
[Round "8"]
[White "Kuczynski, Robert"]
[Black "Renet, Olivier"]
[Result "1-0"]
[WhiteElo "2525"]
[BlackElo "2530"]

1.e4 c5 2.Nf3 d6 3.d4 cxd4 4.Nxd4 Nf6 5.Nc3 a6 6.Be3 e5 7.Nb3 Be6 8.f4 Ng4
9.Bd2 Qb6 10.Qf3 exf4 11.Qxf4 Be7 12.Nd5 Qd8 13.Ba5 Bh4+ 14.g3 Bg5 15.Qf3 Qc8
16.Nc7+ Ke7 17.Nxa8 Qxc2 18.Nc7 Be3 19.Be2 Nc6 20.Bc3 Rf8 21.Nd5+ Bxd5 22.exd5 Bf2+
23.Kf1 Nce5 24.Bxe5 Nxe5  1-0

[Event "Hafnarfirdi"]
[Site "Hafnarfirdi"]
[Date "1992.??.??"]
[Round "11"]
[White "Jonsson, Bjorgvin"]
[Black "Arnason, Jon L"]
[Result "0-1"]
[WhiteElo "2420"]
[BlackElo "2515"]

1.e4 c5 2.Nf3 d6 3.d4 cxd4 4.Nxd4 Nf6 5.Nc3 a6 6.Be3 Nbd7 7.Qd2 e6 8.f3 b5
9.g4 h6 10.O-O-O Bb7 11.h4 b4 12.Nce2 d5 13.Bh3 Ne5 14.g5 Nc4 15.Qd3 Qa5
16.Kb1 hxg5 17.exd5 Ne5 18.Qd2 Nxf3 19.Nxf3 Bxd5 20.Nc1 Bxf3 21.Bg2 g4 22.Bxf3 gxf3
23.Bd4 Be7 24.Qf4 Qf5 25.Qc7 Qb5 26.Qg3 Qf5 27.Qc7 Qb5 28.Qg3 Rc8 29.Qxf3 Qc6
30.Qe2 Qe4 31.Qd2 Rd8 32.Rhe1 Qxh4 33.Qd3 Kf8 34.Nb3 Qh5 35.Qc4 Qd5 36.Qc7 Qd6
37.Qb7 Rh5 38.c4 bxc3 39.Bxc3 Rd5 40.Rc1 Rb8 41.Qa7 Qb6 42.Qxb6 Rxb6 43.Rh1 g5
44.Rcf1 Kg7 45.Nd2 Rf5 46.Rxf5 exf5 47.Nf3 g4 48.Nh4 Rb5 49.Rf1 Kf8 50.a4 Rd5
51.Rxf5 Rxf5 52.Nxf5 Ne4 53.Be1 Nd6 54.Ne3 f5 55.Kc2 Kf7 56.Kd3 Ke6 57.b4 Bg5
58.Bf2 Nf7 59.b5 Ne5+ 60.Ke2 axb5 61.axb5 f4 62.b6 fxe3 63.b7 Nd7 64.Bg3 Kf5
65.b8=Q Nxb8 66.Bxb8 Bf4 67.Ba7 Ke4  0-1

[Event "Hengelo op-A"]
[Site "Hengelo"]
[Date "1992.??.??"]
[Round "8"]
[White "Sulskis, Sarunas"]
[Black "Aagaard, Jacob"]
[Result "1/2-1/2"]
[WhiteElo "2350"]
[BlackElo "2285"]

1.e4 c5 2.Nf3 d6 3.d4 cxd4 4.Nxd4 Nf6 5.Nc3 a6 6.Be3 Ng4 7.Bg5 h6 8.Bh4 g5
9.Bg3 Bg7 10.Be2 h5 11.h4 Nc6 12.Nf5 Bxf5 13.exf5 Qa5 14.Qd2 Nd4 15.hxg5 Nxf5
16.Bf4 Rc8 17.O-O e5 18.Be3 Nfxe3 19.fxe3 e4 20.Rf4 O-O 21.Bxg4 hxg4 22.g6 Bxc3
23.bxc3 f5 24.Rb1 Qxc3 25.Qd5+ Kh8 26.Qxd6 Qf6 27.Qd7 Qxg6 28.Qd4+ Qg7 29.Qd6 Rxc2
30.Rff1 Rc6 31.Qg3 Rh6 32.Rbc1 Rf7 33.Rfd1 Kh7 34.Rc8 Rc6 35.Rb8 Rfc7 36.Qf4 Rc5
37.Qh2+ Kg6 38.Rh8 Rc1 39.Qd6+ Kf7 40.Qd5+ Kf6 41.Qd6+ Kf7 42.Qd5+ Kf6 43.Qd6+ Kf7  1/2-1/2

[Event "Holguin"]
[Site "Holguin"]
[Date "1992.??.??"]
[Round "?"]
[White "Pupo, Emilio"]
[Black "Leyva, Hector"]
[Result "0-1"]
[WhiteElo "2395"]
[BlackElo "2295"]

1.e4 c5 2.Nf3 d6 3.d4 cxd4 4.Nxd4 Nf6 5.Nc3 a6 6.Be3 e5 7.Nb3 Be6 8.Qd2 b5
9.f3 Nbd7 10.O-O-O b4 11.Nd5 Bxd5 12.exd5 a5 13.Kb1 Qb8 14.g4 h6 15.h4 Be7
16.Rg1 Qb7 17.g5 Nh5 18.g6 f5 19.f4 a4 20.Nc1 exf4 21.Bd4 O-O 22.Qe2 Ndf6
23.Re1 Qxd5 24.Bxf6 Nxf6 25.Bg2 Ne4 26.Qd3 Nd2+ 27.Ka1 Qxd3 28.Nxd3 Bf6 29.Bd5+ Kh8
30.Bxa8 Rxa8 31.Re6 f3 32.Rge1 Ne4 33.R1xe4 fxe4 34.Rxe4 a3 35.Rxb4 Rf8 36.Kb1 Bxb2
37.Rb7 Kg8 38.Rf7 Rxf7 39.gxf7+ Kxf7 40.c4 Bd4  0-1

[Event "Hradec Kralove op"]
[Site "Hradec Kralove"]
[Date "1992.??.??"]
[Round "7"]
[White "Vodicka, Vladimir"]
[Black "Vasilchenko, Oleg"]
[Result "1-0"]
[WhiteElo "2355"]
[BlackElo "2385"]

1.e4 c5 2.Nf3 d6 3.d4 cxd4 4.Nxd4 Nf6 5.Nc3 a6 6.Be3 e5 7.Nf3 Be7 8.a4 Ng4
9.Bc1 Qb6 10.Qd2 Be6 11.Nd5 Bxd5 12.exd5 O-O 13.a5 Qc7 14.Be2 Nd7 15.O-O f5
16.c4 Nc5 17.Ra3 Bf6 18.h3 Nh6 19.b4 Ne4 20.Qc2 Rac8 21.g4 Nf7 22.gxf5 Neg5
23.Nh2 e4 24.Rg3 Kh8 25.Kh1 Qe7 26.Ng4 Nf3 27.Nxf6 Nd4 28.Qxe4 Qxe4+ 29.Nxe4 Nxe2
30.Re3 Nd4 31.f6 g6 32.c5 Nf5 33.Rc3 Rfe8 34.Ng3 Re5 35.Rd1 Nxg3+ 36.fxg3 Re4
37.Ba3 Ne5 38.c6 bxc6 39.dxc6 Nf7 40.b5 axb5 41.Bxd6 Re6 42.Bb4 Rexc6 43.Rdc1 Rc4
44.a6 Kg8 45.Rxc4 bxc4 46.Re1 h5 47.a7 Ra8 48.Re7 Nd8 49.Rg7+ Kh8 50.Bc3  1-0

[Event "HUN-ch (Women)"]
[Site "?"]
[Date "1992.??.??"]
[Round "7"]
[White "Csoke, Adrienn"]
[Black "Kiss, Fernanda"]
[Result "1/2-1/2"]
[WhiteElo "2145"]
[BlackElo "2060"]

1.e4 c5 2.Nf3 d6 3.d4 cxd4 4.Nxd4 Nf6 5.Nc3 a6 6.Be3 e6 7.f3 Nbd7 8.g4 h6
9.h4 b5 10.Qd2 b4 11.Nce2 d5 12.exd5 Nxd5 13.O-O-O Qa5 14.Kb1 Ne5 15.Nb3 Qc7
16.Ned4 Bb7 17.Rg1 Rd8 18.Be2 Be7 19.f4 Nc6 20.Bd3 Nxe3 21.Qxe3 Nxd4 22.Nxd4 Bc5
23.Nxe6 Bxe3 24.Nxc7+ Kd7 25.Rge1 Bxf4 26.Nxa6 Bxa6 27.Bxa6+ Kc6 28.Bd3 Bg3
29.Re7 Bxh4 30.Rxf7 Bf6 31.Ra7 Rhe8 32.Ra6+ Kc7 33.a3 Rd4 34.axb4 Rxb4 35.Ra7+ Kb6
36.Ra6+ Kc7 37.b3 Rxg4 38.Bf5 Rd4 39.Rxd4 Bxd4 40.Re6 Rxe6 41.Bxe6  1/2-1/2

[Event "HUN-chT"]
[Site "HUN"]
[Date "1992.??.??"]
[Round "?"]
[White "Szalanczy, Emil"]
[Black "Orso, Miklos"]
[Result "1-0"]
[WhiteElo "2420"]
[BlackElo "2380"]

1.e4 c5 2.Nf3 d6 3.d4 cxd4 4.Nxd4 Nf6 5.Nc3 a6 6.Be3 Ng4 7.Bc1 Nc6 8.Be2 Qb6
9.Bxg4 Qxd4 10.Be3 Qxd1+ 11.Bxd1 e6 12.Na4 Be7 13.Nb6 Rb8 14.f4 O-O 15.c3 Rd8
16.Bb3 Bd7 17.O-O-O Be8 18.a3 Bf8 19.Rhf1 Ne7 20.f5 exf5 21.exf5 Nc8 22.Nd5 Bc6
23.f6 Bxd5 24.Bxd5 g6 25.Bd4 h5 26.Kc2 Bh6 27.Rde1 b5 28.Re7 Rf8 29.h4 Nb6
30.Bxb6 Rxb6 31.g3 a5 32.Rfe1 Rbb8 33.Ra7 Kh8 34.Ree7 Rbe8 35.Bxf7 Ra8 36.Rxa8 Rxa8
37.Bxg6  1-0